| 000 | 00636nam a2200193 i 4500 | ||
|---|---|---|---|
| 001 | 69660 | ||
| 003 | ES-MaACL | ||
| 005 | 20230906170554.0 | ||
| 007 | t| | ||
| 008 | 040708s1979 sp ||||1| spa d | ||
| 020 | _a84-300-1479-9 | ||
| 100 | 1 |
_aGarcía Fuentes, Antonio. _954624 |
|
| 245 | 1 | 0 |
_aAullidos en Andalucía _b: los lobos de Sierra Mágina / _cAntonio García Fuentes ; [prólogo por Lorenzo Molina Gallego]. |
| 260 |
_aJaén : _bElinga, _c1979. |
||
| 300 |
_aVII, 238 p., 1 lám. ; _c22 cm. |
||
| 700 | 1 |
_aMolina Gallego, Lorenzo. _981937 |
|
| 852 |
_aES-MaACL _jL-7751 _bR.106409 |
||
| 852 |
_aES-MaACL _jG-1740 _bR.114565 |
||
| 999 |
_c69660 _d69660 |
||